000 00526nam a22001937a 4500
003 KOHA_MİRAKIL
005 20251221140957.0
008 251221b tu ||||| |||| 00| 0 tur d
020 _a9786057018212
040 _aTR-AnABB
_btur
_cTR-AnABB
041 _atur
082 _a340.115
_bSUM 2021
100 1 _aSumption, Jonathan,
245 1 0 _aMahkemelerin yükselişi /
_cJonathan Sumption
260 _aAnkara :
_bLykeion,
_c2021
300 _a93 sayfa ;
_c21 cm
650 0 4 _aHukuk felsefesi
942 _2ddc
_cBK
999 _c9841
_d9841
900 _bGizem YORULMAZ